000 00906nam a2200241 a 4500
001 BRCA_7329
005 20190320205809.0
008 230812s2012----mx-a###f#b---#000-0#spa-#
020 _a9786076051313
041 _aspa
044 _amx
050 4 _aN7630
_b.R67 2012
245 1 0 _aEl rostro de la mujer en la historia del arte
_bun recorrido del siglo XIV al siglo XXI.
260 _aMéxico
_bInstituto Nacional de Bellas Artes y Literatura
_c2012
300 _a77 p.
_bil. a color
_c34 cm.
500 _aIncluye lista de obra
500 _aCatálogo de la exposición realizada en el Museo Nacional de San Carlos (Ciudad de México), agosto 2012
500 _aIncluye piezas de la colección Franz Mayer: p. [26], 46, 55 y [56]
500 _a2do. ejemplar en el Área de Investigación
504 _aBibliografía: p. 74
650 1 4 _aMujeres en el arte
_ySiglo XIV-XXI
_918123
942 _2lcc
_cB
999 _c7005
_d7005